| 000 | 01052cam a2200301 i 4500 | ||
|---|---|---|---|
| 001 | 2754809 | ||
| 003 | OSt | ||
| 005 | 20140310181631.0 | ||
| 008 | 791121s1980 dcu b 000 0 eng | ||
| 010 | _a 79025227 | ||
| 020 | _a0810607379 | ||
| 040 |
_aDLC _cDLC _dDLC |
||
| 050 | 0 | 0 |
_aH 62.5.U5 _b.P732 1980 |
| 082 | 0 | 0 |
_aTR 300.71 _bP72 1980 |
| 100 | 1 |
_aPlowman, Paul Dearborne. _9934 |
|
| 245 | 1 | 0 |
_aTeaching the gifted and talented in the social studies classroom / _cby Paul D. Plowman. |
| 260 |
_aWashington : _bNational Education Association, _cc1980. |
||
| 300 |
_a55 p. ; _c22 cm. |
||
| 440 | 0 |
_aNEA's teaching the gifted and talented in the content areas series _9935 |
|
| 500 | _aIncludes Bibliography | ||
| 521 | _aFaculty | ||
| 541 | _j1 | ||
| 562 | _eFor circulation. One copy available in the collection | ||
| 650 | 0 |
_aSocial sciences _xStudy and teaching _zUnited States. _9936 |
|
| 650 | 0 |
_aGifted children _xEducation _zUnited States. _9937 |
|
| 906 |
_a7 _bcbc _corignew _d1 _eocip _f19 _gy-gencatlg |
||
| 942 |
_2lcc _cBK-TR _kTR |
||
| 999 |
_c502 _d502 |
||